00830pam a2200157 a 4500020001500000082003200015245032500047260005200372300003200424526003700456650003300493650000800526650005100534650004600585710004100631 a087262626100a621.4832bEFFcL-NUST, P-1904aThe Effects of earthquakes on power and industrial facilities and implications for nuclear power plant design /cprepared by the Working Group on Past Behavior of the Committee on Dynamic Analysis of the Committee on Nuclear Structures and Materials of the Structural Division of the American Society of Civil Engineers. aNew York, N.Y. :bThe American Society,cc1987. av, 226 p. :bill. ;c22 cm. a0b0c0d621_483200000000000_EFF 0aEarthquake resistant design. 0aMCE 0aNuclear power plantsxDesign and construction. 0aNuclear power plantsxEarthquake effects.2 aAmerican Society of Civil Engineers.